| 000 | 00672nam a2200265Ia 4500 | ||
|---|---|---|---|
| 003 | OSt | ||
| 005 | 20220912145635.0 | ||
| 006 | a|||||r|||| 00| 0 | ||
| 007 | ta | ||
| 008 | 220909b |||||||| |||| 00| 0 eng d | ||
| 024 | _a72171 | ||
| 037 | _cTextual | ||
| 040 |
_aCSL _beng _cCSL |
||
| 041 | _aeng | ||
| 082 | _aB9:D666, K3 | ||
| 100 | _aSteinberg Jean Louis | ||
| 245 | 0 | _aRadio astronomy | |
| 260 | _c1963 | ||
| 300 |
_ap. _ccm. |
||
| 490 | _aMcGraw Hill electronic science series | ||
| 650 | _aAstronomy | ||
| 700 | _a Lequeux James | ||
| 942 |
_hB9:D666, K3 _cTEXL _2CC |
||
| 999 |
_c35415 _d35415 |
||